Statistics for Most Guessed On Presidential First Names

Click here to take the quiz!

General Stats

  • This quiz has been taken 45 times
    (44 since last reset)
  • The average score is 12 of 14

Answer Stats

%Answer% Correct
99George I
95%
99George II
95%
99George III
95%
97William IV
87%
96John I
85%
96John II
85%
96John III
85%
97John IV(Calvin)
85%
96John V
85%
95Donald
82%
86Abraham
79%
95Barack
79%
89James VI
77%
85Thomas II(Woodrow)
69%

Score Distribution

Percentile by Number Answered

Percent of People with Each Score

Your Score History

You have not taken this quiz since the last reset